000 00243nam a2200097Ia 4500
008 240625s9999 xx 000 0 und d
041 _aeng
082 _a808.20 SIN
100 _aSINGH PRATYUSH
245 _a1 SOCIAL MEDIA MARKETING 2 CHANNEL LOYAL
999 _c36695
_d36695